Riconosci la Squadra dai Trofei - Quiz n°5 - Statistics

Statistiche generali
  • Questo quiz è stato fatto 14 volte
  • Il punteggio medio è 10 su 14
Statistiche sulle risposte
Competizioni nazionali Competizioni internazionali Squadra % Corretto
Campionato inglese: 6 1954-1955, 2004-2005, 2005-2006, 2009-2010, 2014-2015, 2016-2017 Coppa d'Inghilterra: 8 1969-1970, 1996-1997, 1999-2000, 2006-2007, 2008-2009, 2009-2010, 2011-2012, 2017-2018 Coppa di Lega inglese: 5 1964-1965, 1997-1998, 2004-2005, 2006-2007, 2014-2015 Charity/Community Shield: 4 1955, 2000, 2005, 2009 UEFA Champions League: 2
2011-2012, 2020-2021
UEFA Europa League: 2
2012-2013, 2018-2019
Coppa delle Coppe: 2
1970-1971, 1997-1998
Supercoppa UEFA: 2
1998, 2021
Coppa del mondo per club: 1 2021
Chelsea
100%
Campionato inglese: 1
2015-2016
Coppa d'Inghilterra: 1
2020-2021
Coppa di Lega inglese: 3
1963-1964, 1996-1997, 1999-2000
Charity/Community Shield: 2
1971, 2021
Leicester City
100%
Campionato francese: 4
1945-1946, 1953-1954, 2010-2011, 2020-2021
Coppa di Francia: 6
1945-1946, 1946-1947, 1947-1948, 1952-1953, 1954-1955, 2010-2011
Supercoppa francese: 1
2021
Coppa Intertoto UEFA: 1 2004 Lille
90%
Coppa Italia: 3
1991-1992, 1998-1999, 2001-2002
Supercoppa italiana: 1
1999
Coppa delle Coppe: 1
1992-1993
Coppa UEFA: 2
1994-1995, 1998-1999
Supercoppa UEFA: 1
1993
Parma
90%
Campionato olandese: 24 1928-1929, 1934-1935, 1950-1951, 1962-1963, 1974-1975, 1975-1976, 1977-1978, 1985-1986, 1986-1987, 1987-1988, 1988-1989, 1990-1991, 1991-1992, 1996-1997, 1999-2000, 2000-2001, 2002-2003, 2004-2005, 2005-2006, 2006-2007, 2007-2008, 2014-2015, 2015-2016, 2017-2018 Coppa dei Paesi Bassi: 11 1949-1950, 1973-1974, 1975-1976, 1987-1988, 1988-1989, 1989-1990, 1995-1996, 2004-2005, 2011-2012, 2021-2022, 2022-2023 Supercoppa dei Paesi Bassi: 14 1992, 1996, 1997, 1998, 2000, 2001, 2003, 2008, 2012, 2015, 2016, 2021, 2022, 2023 Coppa dei Campioni: 1
1987-1988
Coppa UEFA: 1
1977-1978
PSV
90%
Campionato italiano: 3
1941-1942, 1982-1983, 2000-2001
Coppa Italia: 9
1963-1964, 1968-1969, 1979-1980, 1980-1981, 1983-1984, 1985-1986, 1990-1991, 2006-2007, 2007-2008
Supercoppa italiana: 2
2001, 2007
UEFA Europa Conference League: 1 2021-2022 Roma
90%
Campionato spagnolo: 1 1945-1946 Coppa di Spagna: 5 1935, 1939, 1947-1948, 2006-2007, 2009-2010 Supercoppa di Spagna: 1 2007 Coppa UEFA/Europa League: 7
2005-2006, 2006-2007, 2013-2014, 2014-2015, 2015-2016, 2019-2020, 2022-2023
Supercoppa UEFA: 1
2006
Siviglia
90%
Campionato belga: 341946-1947, 1948-1949, 1949-1950, 1950-1951, 1953-1954, 1954-1955, 1955-1956, 1958-1959, 1961-1962, 1963-1964, 1964-1965, 1965-1966, 1966-1967, 1967-1968, 1971-1972, 1973-1974, 1980-1981, 1984-1985, 1985-1986, 1986-1987, 1990-1991, 1992-1993, 1993-1994, 1994-1995, 1999-2000, 2000-2001, 2003-2004, 2005-2006, 2006-2007, 2009-2010, 2011-2012, 2012-2013, 2013-2014, 2016-2017
Coppa del Belgio: 9
1964-1965, 1971-1972, 1972-1973, 1974-1975, 1975-1976, 1987-1988, 1988-1989, 1993-1994, 2007-2008
Coppa di Lega belga: 1
2000-2001
Supercoppa del Belgio: 13
1985, 1987, 1993, 1995, 2000, 2001, 2006, 2007, 2010, 2012, 2013, 2014, 2017
Coppa delle Coppe: 2 1975-1976, 1977-1978 Coppa UEFA: 1 1982-1983 Supercoppa UEFA: 2 1976, 1978 Anderlecht
70%
Campionato tedesco: 6
1922-1923, 1927-1928, 1959-1960, 1978-1979, 1981-1982, 1982-1983
Coppa di Germania: 3
1962-1963, 1975-1976, 1986-1987
Coppa di Lega tedesca: 2
1972-1973, 2003
Coppa dei Campioni: 1
1982-1983
Coppa delle Coppe: 1
1976-1977
Coppa Intertoto UEFA: 2 2005, 2007
Amburgo
60%
Campionato sovietico: 7 1946, 1947, 1948, 1950, 1951, 1970, 1991 Coppa dell'URSS: 5 1945, 1948, 1951, 1955, 1990-1991 Campionato russo: 6 2003, 2005, 2006, 2012-2013, 2013-2014, 2015-2016 Pervaja Liga: 2 1986, 1989 Coppa di Russia: 8 2001-2002, 2004-2005, 2005-2006, 2007-2008, 2008-2009, 2010-2011, 2012-2013, 2022-2023 Supercoppa di Russia: 7 2004, 2006, 2007, 2009, 2013, 2014, 2018 Coppa UEFA: 1 CSKA Mosca
60%
Campionato cipriota: 28
1935-1936, 1936-1937, 1937-1938, 1938-1939, 1939-1940, 1946-1947, 1947-1948, 1948-1949, 1951-1952, 1964-1965, 1972-1973, 1979-1980, 1985-1986, 1989-1990, 1991-1992, 1995-1996, 2001-2002, 2003-2004, 2006-2007, 2008-2009, 2010-2011, 2012-2013, 2013-2014, 2014-2015, 2015-2016, 2016-2017, 2017-2018, 2018-2019
Coppa di Cipro: 21
1936-1937, 1940-1941, 1946-1947, 1950-1951, 1962-1963, 1967-1968, 1968-1969, 1972-1973, 1975-1976, 1977-1978, 1978-1979, 1983-1984, 1992-1993, 1994-1995, 1995-1996, 1996-1997, 1998-1999, 2005-2006, 2007-2008, 2013-2014, 2014-2015
Supercoppa di Cipro: 14
1963, 1984, 1986, 1992, 1993, 1996, 1999, 2002, 2004, 2008, 2009, 2011, 2013, 2019
APEOL Nicosia
50%
Campionato greco: 20 1929-1930, 1948-1949, 1952-1953, 1959-1960, 1960-1961, 1961-1962, 1963-1964, 1964-1965, 1968-1969, 1969-1970, 1971-1972, 1976-1977, 1983-1984, 1985-1986, 1989-1990, 1990-1991, 1994-1995, 1995-1996, 2003-2004, 2009-2010
Coppa di Grecia: 19
1939-1940, 1947-1948, 1954-1955, 1966-1967, 1968-1969, 1976-1977, 1981-1982, 1983-1984, 1985-1986, 1987-1988, 1988-1989, 1990-1991, 1992-1993, 1993-1994, 1994-1995, 2003-2004, 2009-2010, 2013-2014, 2021-2022
Supercoppa di Grecia: 3 1988, 1993, 1994
Panathīnaïkos
50%
Campionato tedesco: 4 1964-1965, 1987-1988, 1992-1993, 2003-2004 Coppa di Germania: 6 1960-1961, 1990-1991, 1993-1994, 1998-1999, 2003-2004, 2008-2009 Supercoppa di Germania: 3 1988, 1993, 1994 Coppa di Lega tedesca: 1 2006 Coppa delle Coppe: 1
1991-1992
Coppa Intertoto UEFA: 1
1998
Werder Brema
40%
Campionato cecoslovacco: 14
1913, 1925, 1928-1929, 1929-1930, 1930-1931, 1932-1933, 1933-1934, 1934-1935, 1936-1937, 1939-1940, 1940-1941, 1941-1942, 1942-1943, 1946-1947
Campionato ceco: 7
1995-1996, 2007-2008, 2008-2009, 2016-2017, 2018-2019, 2019-2020, 2020-2021
Coppa di Cecoslovacchia: 4
1941, 1942, 1945, 1974
Coppa della Repubblica Ceca: 7
1996-1997, 1998-1999, 2001-2002, 2017-2018, 2018-2019, 2020-2021, 2022-2023
Slavia Praga
30%
Nessun quiz corrispondente trovato
Distribuzione punteggi
Percentuale di utenti per punteggio
Percentile per numero di risposta
I tuoi punteggi nel tempo
Non hai fatto questo quiz